Best Nascar Drivers By Each Number - Statistics

General Stats
  • This quiz has been taken 58 times
  • The average score is 46 of 101
Answer Stats
Hint Answer % Correct
3 Dale Earnhardt
97%
8 Dale Earnhardt Jr.
97%
45 Kyle Petty
97%
41 | 51 | 97 Kurt Busch
94%
18 Kyle Busch
94%
42 Lee Petty
94%
43 Richard Petty
94%
9 | 94 Bill Elliott
88%
17 | 66 Darrell Waltrip
84%
4 | 29 Kevin Harvick
84%
30 | 55 Michael Waltrip
84%
2 | 27 Rusty Wallace
84%
5 | 44 Terry Labonte
84%
12 Bobby Allison
81%
28 Davey Allison
81%
24 Jeff Gordon
81%
22 Joey Logano
81%
6 Mark Martin
81%
14 | 20 Tony Stewart
81%
48 Jimmie Johnson
78%
81 Kenny Wallace
78%
1 Jamie McMurray
75%
7 | 35 Alan Kulwicki
72%
11 | 50 Cale Yarborough
72%
21 David Pearson
72%
99 Carl Edwards
69%
19 | 56 | 78 Martin Truex Jr.
69%
39 Ryan Newman
63%
88 Dale Jarrett
59%
16 Greg Biffle
59%
40 Sterling Marlin
59%
31 Jeff Burton
56%
10 Ricky Rudd
53%
77 | 93 Dave Blaney
50%
25 | 36 Ken Schrader
50%
72 Benny Parsons
47%
83 Brian Vickers
47%
15 Clint Bowyer
47%
84 AJ Allmendinger
44%
37 | 71 Bobby Isaac
41%
00 David Reutimann
41%
26 Brett Bodine
34%
38 Elliott Sadler
34%
87 Buck Baker
31%
47 Jack Smith
31%
23 Jimmy Spencer
31%
91 Tim Flock
31%
13 Ty Dillon
31%
33 Harry Gant
28%
92 Herb Thomas
28%
68 Bobby Hamilton
22%
75 Neil Bonnett
22%
32 Ricky Craven
22%
34 Wendell Scott
22%
69 Johnny Allen
16%
60 Boris Said
13%
52 Jimmy Means
13%
95 Matt Dibenedetto
13%
46 Speedy Thompson
13%
90 Dick Brooks
6%
57 Hut Stricklin
6%
70 J.D. McDuffie
6%
98 Marvin Panch
6%
89 Morgan Shepard
6%
96 Richard Childress
6%
65 Carl Adams
3%
79 Frank Warren
3%
58 Johnny Patterson
3%
86 Neil Castles
3%
76 Ben Arnold
0%
73 Bill Schmitt
0%
49 Bob Wellborn
0%
67 Buddy Arrington
0%
62 Curtis Crider
0%
0 Delma Cowart
0%
64 Elmo Langely
0%
85 Emanuel Zervakis
0%
53 Jimmy Helms
0%
54 Jimmy Pardue
0%
80 Jim Pachal
0%
63 Jocko Maggiacomo
0%
82 Joe Eubanks
0%
74 L.D. Austin
0%
61 Sherman Utsman
0%
59 Tom Pistone
0%
No matching quizzes found
Score Distribution
Percent of People with Each Score
Percentile by Number Answered
Your Score History
You have not taken this quiz